[Event "TCh-HUN 2024-25"]
[Site "Hungary HUN"]
[Date "2025.03.01"]
[Round "5.1"]
[White "Kozak, Adam"]
[Black "Indjic, Aleksandar"]
[Result "1/2-1/2"]
[WhiteTitle "GM"]
[BlackTitle "GM"]
[WhiteElo "2591"]
[BlackElo "2623"]
[WhiteTeam "ASE Paks"]
[BlackTeam "Aquarena Kobanya SC"]
[WhiteFideId "753246"]
[BlackFideId "911925"]
[EventDate "2024.11.02"]
[EventType "team-tourn"]

1. d4 Nf6 2. c4 e6 3. Nc3 Bb4 4. e3 O-O 5. Bd3 d5 6. a3 Bxc3+ 7. bxc3 dxc4 8.
Bxc4 c5 9. Ne2 Qc7 10. Ba2 b6 11. O-O Ba6 12. Re1 Nc6 13. Ng3 Rfd8 14. Bb2 Na5
15. e4 Bc4 16. Bxc4 Nxc4 17. Bc1 Ne8 18. d5 e5 19. a4 f6 20. Nf5 Ned6 21. Nxd6
Nxd6 22. Qe2 Qd7 23. c4 Rab8 24. f3 Rb7 25. Be3 a5 26. Bf2 Re8 27. Qc2 Kf7 28.
Rab1 g5 29. Rb2 Ke7 30. Reb1 Reb8 31. h4 h6 32. hxg5 hxg5 33. g4 Kd8 34. Kg2 Kc7
35. Rh1 Qg7 36. Rbb1 Rh8 37. Qb3 Rxh1 38. Rxh1 Kb8 39. Rb1 Ka7 40. Bg3 1/2-1/2

[Event "TCh-HUN 2024-25"]
[Site "Hungary HUN"]
[Date "2025.03.01"]
[Round "5.2"]
[White "Livaic, Leon"]
[Black "Papp, Gabor1"]
[Result "1/2-1/2"]
[WhiteTitle "GM"]
[BlackTitle "GM"]
[WhiteElo "2557"]
[BlackElo "2511"]
[WhiteTeam "Aquarena Kobanya SC"]
[BlackTeam "ASE Paks"]
[WhiteFideId "14531534"]
[BlackFideId "718602"]
[EventDate "2024.11.02"]
[EventType "team-tourn"]

1. d4 Nf6 2. c4 e6 3. Nf3 b6 4. g3 Bb7 5. Bg2 Be7 6. O-O O-O 7. Nc3 Ne4 8. Bd2
f5 9. Qc2 Nxc3 10. Bxc3 Be4 11. Qd2 d5 12. cxd5 Bxd5 13. Bb4 Bxb4 14. Qxb4 c5
15. dxc5 Na6 16. Qa3 Nxc5 17. Rfd1 Qf6 18. Nd2 Bxg2 19. Kxg2 e5 20. b4 Ne6 21.
Rac1 a5 22. bxa5 Rxa5 23. Qb3 Kh8 24. Nc4 Rc5 25. Nxb6 Nf4+ 26. gxf4 Qc6+ 27. f3
Rxc1 28. Rxc1 Qxc1 29. Nd7 Rc8 30. Nxe5 h6 31. Qf7 Qc2 32. Ng6+ Kh7 33. Nf8+
Rxf8 34. Qxf8 Qxe2+ 35. Kg3 Qe1+ 36. Kg2 Qe2+ 1/2-1/2

[Event "TCh-HUN 2024-25"]
[Site "Hungary HUN"]
[Date "2025.03.01"]
[Round "5.3"]
[White "Berkes, Ferenc"]
[Black "Nagy, Gabor1"]
[Result "1-0"]
[WhiteTitle "GM"]
[BlackTitle "GM"]
[WhiteElo "2600"]
[BlackElo "2458"]
[WhiteTeam "ASE Paks"]
[BlackTeam "Aquarena Kobanya SC"]
[WhiteFideId "718572"]
[BlackFideId "737119"]
[EventDate "2024.11.02"]
[EventType "team-tourn"]

1. d4 Nf6 2. c4 e6 3. Nc3 d5 4. Bg5 Nbd7 5. e3 h6 6. Bh4 c6 7. a3 a5 8. Rc1 Be7
9. Nf3 O-O 10. Bd3 dxc4 11. Bxc4 b5 12. Bd3 b4 13. axb4 axb4 14. Bxf6 Bxf6 15.
Ne4 e5 16. O-O exd4 17. exd4 Bb7 18. Bb1 Qb6 19. Re1 Rfd8 20. Qb3 Be7 21. h4 Qa5
22. Neg5 Bxg5 23. hxg5 Qd5 24. Qxb4 Qb5 25. Qe7 c5 26. gxh6 Bxf3 27. Qg5 1-0

[Event "TCh-HUN 2024-25"]
[Site "Hungary HUN"]
[Date "2025.03.01"]
[Round "5.4"]
[White "Berczes, David"]
[Black "Acs, Peter"]
[Result "0-1"]
[WhiteTitle "GM"]
[BlackTitle "GM"]
[WhiteElo "2413"]
[BlackElo "2585"]
[WhiteTeam "Aquarena Kobanya SC"]
[BlackTeam "ASE Paks"]
[WhiteFideId "722960"]
[BlackFideId "708020"]
[EventDate "2024.11.02"]
[EventType "team-tourn"]

1. d4 d5 2. c4 c6 3. Nf3 Nf6 4. e3 e6 5. Bd3 dxc4 6. Bxc4 c5 7. O-O Nc6 8. a3 a6
9. dxc5 Bxc5 10. Qxd8+ Kxd8 11. b4 Bd6 12. Bb2 Ke7 13. Nbd2 b5 14. Be2 Bb7 15.
Rfc1 Rac8 16. Nb3 Nb8 17. Nfd4 Rxc1+ 18. Rxc1 Rc8 19. Rxc8 Bxc8 20. Na5 Nd5 21.
e4 Nf4 22. Bf1 g5 23. Nf3 g4 24. Ne5 h5 25. g3 Nh3+ 26. Bxh3 gxh3 27. Nd3 Nd7
28. f4 Bc7 29. Bd4 f6 30. e5 Kf7 31. exf6 Nxf6 32. Nf2 Nd5 33. Ne4 Kg6 34. Nc6
Bb7 35. Ne5+ Bxe5 36. fxe5 Ne7 37. Nd6 Bc6 38. Kf2 Kg5 39. Be3+ Kg4 40. Bf4 h4
41. Nf7 hxg3+ 42. Bxg3 Nf5 0-1

[Event "TCh-HUN 2024-25"]
[Site "Hungary HUN"]
[Date "2025.03.01"]
[Round "5.5"]
[White "Fodor, Tamas Jr."]
[Black "Karacsonyi, Gellert"]
[Result "1-0"]
[WhiteTitle "GM"]
[BlackTitle "IM"]
[WhiteElo "2518"]
[BlackElo "2390"]
[WhiteTeam "ASE Paks"]
[BlackTeam "Aquarena Kobanya SC"]
[WhiteFideId "723762"]
[BlackFideId "764620"]
[EventDate "2024.11.02"]
[EventType "team-tourn"]

1. Nf3 d5 2. g3 c5 3. Bg2 Nc6 4. d4 Nf6 5. O-O cxd4 6. Nxd4 e5 7. Nxc6 bxc6 8.
c4 Be6 9. Nc3 Rc8 10. Qa4 d4 11. Rd1 Qd7 12. Bg5 Be7 13. e3 c5 14. Nb5 a6 15.
Qxa6 Bxc4 16. Nd6+ Bxd6 17. Qxc4 Ng4 18. e4 h6 19. Bd2 Nf6 20. a4 O-O 21. a5 Ra8
22. Ra2 Rfb8 23. Rda1 Qb5 24. Qxb5 Rxb5 25. Bf1 Rbb8 26. f3 Ne8 27. Bc4 Ra7 28.
Kf1 Nc7 29. Ke2 Kf8 30. b3 Ke7 31. f4 f6 32. h4 Kd7 33. Ra4 Ke7 34. Kd3 Kd7 35.
a6 Rb6 36. Ra5 Kc6 37. Ke2 Rb8 38. Kf3 Re8 39. R5a4 Kb6 40. Rc1 f5 41. exf5 e4+
42. Ke2 h5 43. Ba5+ Kc6 44. b4 Nb5 45. bxc5 Bxc5 46. Be6 Rxa6 47. Rxc5+ 1-0

[Event "TCh-HUN 2024-25"]
[Site "Hungary HUN"]
[Date "2025.03.01"]
[Round "5.6"]
[White "Horvath, Adam1"]
[Black "Kaczur, Florian"]
[Result "1/2-1/2"]
[WhiteTitle "GM"]
[BlackTitle "IM"]
[WhiteElo "2384"]
[BlackElo "2509"]
[WhiteTeam "Aquarena Kobanya SC"]
[BlackTeam "ASE Paks"]
[WhiteFideId "708003"]
[BlackFideId "705098"]
[EventDate "2024.11.02"]
[EventType "team-tourn"]

1. e4 e6 2. d4 d5 3. Nd2 c5 4. exd5 exd5 5. Ngf3 Nc6 6. Bb5 Bd6 7. O-O cxd4 8.
Nb3 Ne7 9. Nbxd4 O-O 10. Re1 Bg4 11. Be2 Qd7 12. Be3 Rfe8 13. h3 Bh5 14. Qd2
Rad8 15. Bf4 Bc5 16. Ne5 Nxe5 17. Bxe5 Bxe2 18. Rxe2 f6 19. Bg3 Bxd4 20. Qxd4
Nc6 21. Rxe8+ Rxe8 22. Qd2 d4 23. Re1 Rxe1+ 24. Qxe1 Kf7 25. Qe4 g6 26. a3 b5
27. Qf3 a6 28. Qf4 g5 29. Qf3 Kg6 30. h4 h6 31. Qd3+ f5 32. hxg5 hxg5 33. f3 Qd5
34. Bf2 Qc4 35. Qd1 Kf6 36. Qd2 Kg6 37. Qd1 a5 38. b3 Qc5 39. Qd3 Qxa3 40. Qxb5
Qc1+ 41. Kh2 Qxc2 42. Qd5 Qxf2 43. Qxc6+ Kg7 1/2-1/2

[Event "TCh-HUN 2024-25"]
[Site "Hungary HUN"]
[Date "2025.03.01"]
[Round "5.7"]
[White "Krstulovic, Alex"]
[Black "Szabo, Bence"]
[Result "1-0"]
[WhiteTitle "IM"]
[BlackTitle "IM"]
[WhiteElo "2439"]
[BlackElo "2341"]
[WhiteTeam "ASE Paks"]
[BlackTeam "Aquarena Kobanya SC"]
[WhiteFideId "760056"]
[BlackFideId "733776"]
[EventDate "2024.11.02"]
[EventType "team-tourn"]

1. d4 d5 2. Nf3 Nf6 3. e3 g6 4. c4 Bg7 5. Nc3 O-O 6. cxd5 Nxd5 7. Bc4 Nb6 8. Bb3
Nc6 9. O-O e5 10. d5 Na5 11. e4 Bg4 12. h3 Nxb3 13. axb3 Bd7 14. Be3 Nc8 15. Bc5
Re8 16. Re1 c6 17. Qc2 cxd5 18. Nxd5 Be6 19. Red1 Bxd5 20. Rxd5 Qc7 21. Qd3 h6
22. Rd1 Qc6 23. b4 a6 24. Rd8 b6 25. Qd5 Na7 26. Rxa8 Qxa8 27. Bxb6 Nc6 28. Ba5
Bf8 29. Rc1 Nxb4 30. Qxa8 Rxa8 31. Nxe5 Re8 32. Nd7 Nd3 33. Rc3 1-0

[Event "TCh-HUN 2024-25"]
[Site "Hungary HUN"]
[Date "2025.03.01"]
[Round "5.8"]
[White "Krizsany, Laszlo"]
[Black "Lizak, Peter"]
[Result "1-0"]
[WhiteTitle "IM"]
[BlackTitle "IM"]
[WhiteElo "2316"]
[BlackElo "2390"]
[WhiteTeam "Aquarena Kobanya SC"]
[BlackTeam "ASE Paks"]
[WhiteFideId "701718"]
[BlackFideId "731595"]
[EventDate "2024.11.02"]
[EventType "team-tourn"]

1. b3 Nf6 2. Bb2 g6 3. Bxf6 exf6 4. c4 d5 5. cxd5 Qxd5 6. Nc3 Qa5 7. e3 c6 8. a3
f5 9. Bc4 Bg7 10. b4 Qc7 11. Rc1 O-O 12. Nf3 Qe7 13. h4 h6 14. Ne2 b5 15. Bb3 a5
16. Nfd4 axb4 17. axb4 Qxb4 18. Nxc6 Nxc6 19. Rxc6 Ra1 20. Rc1 Rxc1 21. Nxc1 Bb7
22. h5 g5 23. O-O Qe4 24. f3 Qh4 25. Nd3 Rd8 26. Qb1 Qg3 27. Qc2 Rc8 28. Qa2 Rc7
29. Qa5 Bf8 30. Qxb5 Bd6 31. Rf2 Qh4 32. Qxf5 Kg7 33. Bxf7 Qh2+ 34. Kf1 Rxf7 35.
Qg6+ Kf8 36. f4 Bc7 37. Qxh6+ Kg8 38. Qg6+ Kf8 39. Nc5 Bd5 40. Qxg5 Qh1+ 41. Ke2
Bc4+ 42. d3 Rg7 43. Qf5+ Rf7 44. Qc8+ Kg7 45. Qg4+ Kh8 46. dxc4 Qc1 47. Qc8+ Kh7
48. Qe6 Qc2+ 49. Kf3 Qd1+ 50. Ke4 Rg7 51. Nd3 Bd8 52. Qf5+ Kh6 53. g4 Qa1 54.
Kd5 Rd7+ 55. Qxd7 Bf6 56. Kc5 Bd4+ 57. Kb5 Qb1+ 58. Nb4 1-0

[Event "TCh-HUN 2024-25"]
[Site "Hungary HUN"]
[Date "2025.03.01"]
[Round "5.9"]
[White "Bodrogi, Bendeguz"]
[Black "Havanecz, Bianka"]
[Result "1-0"]
[WhiteTitle "FM"]
[BlackTitle "WIM"]
[WhiteElo "2358"]
[BlackElo "2196"]
[WhiteTeam "ASE Paks"]
[BlackTeam "Aquarena Kobanya SC"]
[WhiteFideId "790303"]
[BlackFideId "704814"]
[EventDate "2024.11.02"]
[EventType "team-tourn"]

1. Nf3 d5 2. g3 Nf6 3. Bg2 Bg4 4. O-O e6 5. h3 Bxf3 6. Bxf3 Be7 7. d4 O-O 8. c4
c6 9. Qc2 Nbd7 10. Bf4 Re8 11. Rd1 Qc8 12. Nd2 Bd8 13. e4 dxe4 14. Nxe4 Nxe4 15.
Bxe4 h6 16. Rac1 e5 17. Bh7+ Kh8 18. dxe5 Nxe5 19. Bf5 Qb8 20. c5 Bc7 21. Qb3
Re7 22. h4 Qe8 23. Kg2 Rb8 24. h5 b6 25. Bb1 f5 26. cxb6 Rxb6 27. Qa3 Rf7 28.
Re1 Qb8 29. Rc5 Rxb2 30. Rcxe5 Bxe5 31. Bxe5 Qb4 32. Qe3 Rxb1 33. Qxh6+ Kg8 34.
Bxg7 Rxg7 35. Re8+ Qf8 36. Qe6+ Rf7 37. Qg6+ 1-0

[Event "TCh-HUN 2024-25"]
[Site "Hungary HUN"]
[Date "2025.03.01"]
[Round "5.10"]
[White "Foldes, Marton Gabor"]
[Black "Toth, Nikoletta"]
[Result "1-0"]
[BlackTitle "WFM"]
[WhiteElo "2167"]
[BlackElo "1988"]
[WhiteTeam "Aquarena Kobanya SC"]
[BlackTeam "ASE Paks"]
[WhiteFideId "794708"]
[BlackFideId "773670"]
[EventDate "2024.11.02"]
[EventType "team-tourn"]

1. e4 e5 2. Nf3 Nc6 3. Bb5 a6 4. Ba4 Nf6 5. O-O b5 6. Bb3 Bc5 7. c3 O-O 8. d4
Be7 9. Nxe5 Nxe5 10. dxe5 Ne8 11. Be3 Bb7 12. Nd2 c5 13. Qg4 Qc7 14. Bf4 c4 15.
Bc2 d6 16. exd6 Bxd6 17. e5 f5 18. Qg3 Be7 19. Nf3 Bxf3 20. Qxf3 Rc8 21. Rad1
Kh8 22. e6 Qc6 23. Qxc6 Rxc6 24. Rfe1 g6 25. Bh6 Ng7 26. Rd7 Re8 27. Bd1 Nxe6
28. Bf3 Rd6 29. Ra7 Bf8 30. Bf4 Rdd8 31. Be5+ Ng7 32. g3 Rc8 33. Bd5 Red8 34.
Bb7 Rc5 35. Bxa6 Rcd5 36. Bd4 Kg8 37. Rb7 R8d7 38. Rxb5 Rxb5 39. Bxb5 Rc7 40. a4
Kf7 41. a5 Ne6 42. Bb6 Rc8 43. Bd7 1-0

[Event "TCh-HUN 2024-25"]
[Site "Hungary HUN"]
[Date "2025.03.01"]
[Round "5.1"]
[White "Erdos, Viktor"]
[Black "Mazur, Stefan"]
[Result "1-0"]
[WhiteTitle "GM"]
[BlackTitle "IM"]
[WhiteElo "2533"]
[BlackElo "2412"]
[WhiteTeam "MTK Budapest"]
[BlackTeam "Viadukt Biatorbagy"]
[WhiteFideId "719978"]
[BlackFideId "14909332"]
[EventDate "2024.11.02"]
[EventType "team-tourn"]

1. e4 e5 2. Nf3 Nc6 3. Bb5 a6 4. Ba4 Nf6 5. O-O Be7 6. Re1 b5 7. Bb3 d6 8. c3
O-O 9. h3 Nb8 10. d4 Nbd7 11. c4 c6 12. Qc2 Qc7 13. a3 Bb7 14. Ba2 Rac8 15. Nc3
d5 16. exd5 exd4 17. Nxd4 Bc5 18. Nxc6 Bxc6 19. dxc6 Qxc6 20. cxb5 axb5 21. Qb3
Rfe8 22. Bf4 Bd4 23. Nxb5 Bxf2+ 24. Kxf2 Nc5 25. Qxf7+ Kh8 26. Rxe8+ Rxe8 27.
Nd6 Nfe4+ 28. Kg1 Nxd6 29. Bxd6 Ne4 30. Rf1 1-0

[Event "TCh-HUN 2024-25"]
[Site "Hungary HUN"]
[Date "2025.03.01"]
[Round "5.2"]
[White "Pacher, Milan"]
[Black "Sahidi, Samir"]
[Result "1/2-1/2"]
[WhiteTitle "GM"]
[BlackTitle "IM"]
[WhiteElo "2310"]
[BlackElo "2485"]
[WhiteTeam "Viadukt Biatorbagy"]
[BlackTeam "MTK Budapest"]
[WhiteFideId "14907445"]
[BlackFideId "14936372"]
[EventDate "2024.11.02"]
[EventType "team-tourn"]

1. e4 c6 2. d4 d5 3. exd5 cxd5 4. c4 Nf6 5. Nc3 Nc6 6. Nf3 Bg4 7. cxd5 Nxd5 8.
Qb3 Bxf3 9. gxf3 e6 10. Qxb7 Nxd4 11. Bb5+ Nxb5 12. Qc6+ Ke7 13. Qxb5 Qd7 14.
Nxd5+ exd5 15. Qd3 f6 16. Be3 Kf7 17. O-O-O Rd8 18. Kb1 Be7 19. h4 Qa4 20. h5
Rd7 21. Rhg1 d4 22. Bc1 Rd5 23. Rde1 Bc5 24. h6 g6 25. b3 Qd7 26. Bb2 Rd8 27.
Re4 Qh3 28. Qa6 Qxf3 29. Rge1 Qf5 30. b4 Bf8 31. Qxa7+ Kg8 32. Ka1 d3 33. Qe3 d2
34. Rd1 Bxh6 35. Re8+ Rxe8 36. Qxe8+ Bf8 37. Bc3 h5 38. Kb2 h4 39. a4 h3 40. b5
h2 41. Bb4 Qe5+ 42. Qxe5 Rxe5 43. Bxd2 Rd5 44. Kc3 Bh6 45. f4 Bxf4 46. Bxf4 Rxd1
47. Bxh2 Kf7 48. a5 Ra1 49. b6 Rxa5 50. b7 Rb5 51. b8=Q Rxb8 52. Bxb8 1/2-1/2

[Event "TCh-HUN 2024-25"]
[Site "Hungary HUN"]
[Date "2025.03.01"]
[Round "5.3"]
[White "Juhasz, Agoston"]
[Black "Sipos, Istvan"]
[Result "1/2-1/2"]
[WhiteTitle "IM"]
[BlackTitle "IM"]
[WhiteElo "2432"]
[BlackElo "2454"]
[WhiteTeam "MTK Budapest"]
[BlackTeam "Viadukt Biatorbagy"]
[WhiteFideId "778346"]
[BlackFideId "720631"]
[EventDate "2024.11.02"]
[EventType "team-tourn"]

1. e4 e5 2. Nf3 Nc6 3. Bb5 a6 4. Ba4 d6 5. O-O Bd7 6. c3 g6 7. d4 Bg7 8. h3 Nf6
9. Bc2 O-O 10. Be3 exd4 11. cxd4 Nb4 12. Nc3 Nxc2 13. Qxc2 c6 14. e5 dxe5 15.
dxe5 Nd5 16. Nxd5 cxd5 17. Qd2 Re8 18. Bh6 Bh8 19. Qb4 Bb5 20. Rfe1 Rc8 21. Rac1
Rc4 22. Qd2 Re4 23. b3 Bc6 24. Be3 Bg7 25. Bh6 Bh8 26. Be3 Bg7 27. Bh6 Bh8 28.
Be3 1/2-1/2

[Event "TCh-HUN 2024-25"]
[Site "Hungary HUN"]
[Date "2025.03.01"]
[Round "5.5"]
[White "Papp, Levente"]
[Black "Vanczak, Tamas"]
[Result "1-0"]
[WhiteTitle "FM"]
[BlackTitle "IM"]
[WhiteElo "2367"]
[BlackElo "2413"]
[WhiteTeam "MTK Budapest"]
[BlackTeam "Viadukt Biatorbagy"]
[WhiteFideId "751243"]
[BlackFideId "759929"]
[EventDate "2024.11.02"]
[EventType "team-tourn"]

1. d4 Nf6 2. Nf3 e6 3. e3 d5 4. Bd3 Bd6 5. O-O O-O 6. b3 b6 7. Bb2 Bb7 8. Nbd2
Nbd7 9. a4 a5 10. Ne5 c5 11. f4 Ba6 12. c4 cxd4 13. exd4 Bb7 14. Qe2 Re8 15.
Ndf3 Nf8 16. Rac1 Rc8 17. Ng5 Re7 18. Qe3 dxc4 19. bxc4 h6 20. Ngf3 Bb4 21. f5
Qe8 22. Nh4 Qxa4 23. fxe6 fxe6 24. Rxf6 gxf6 25. Ng4 Rg7 26. Nxf6+ Kf7 27. Rf1 1-0

[Event "TCh-HUN 2024-25"]
[Site "Hungary HUN"]
[Date "2025.03.01"]
[Round "5.6"]
[White "Bagi, Mate"]
[Black "Kovacsy, Barnabas"]
[Result "1-0"]
[WhiteTitle "IM"]
[BlackTitle "FM"]
[WhiteElo "2425"]
[BlackElo "2274"]
[WhiteTeam "Viadukt Biatorbagy"]
[BlackTeam "MTK Budapest"]
[WhiteFideId "742570"]
[BlackFideId "769290"]
[EventDate "2024.11.02"]
[EventType "team-tourn"]

1. e4 c5 2. Nf3 e6 3. d4 cxd4 4. Nxd4 Nc6 5. Nc3 Qc7 6. Be3 a6 7. Be2 Nf6 8. O-O
Bb4 9. Na4 Be7 10. Nxc6 bxc6 11. Nb6 Rb8 12. Nxc8 Qxc8 13. Bd4 c5 14. Be5 Rb6
15. Qd3 d6 16. Bc3 O-O 17. b3 d5 18. exd5 Nxd5 19. Be5 Bf6 20. Bxf6 Nxf6 21.
Rad1 Qc7 22. Qd2 Ra8 23. Qa5 Kf8 24. Rd3 Rb7 25. Qa3 Rc8 26. Rfd1 Rb6 27. g3 Ke7
28. Bf3 g6 29. Qa5 Rb5 30. Qxa6 Ra5 31. Qc4 Rxa2 32. Qh4 Ra7 33. Qg5 c4 34. Rd4
Qc5 35. Qxc5+ Rxc5 36. b4 Rc8 37. b5 Ra2 38. b6 Nd5 39. b7 Rb8 40. Rxc4 Rxb7 41.
Bxd5 exd5 42. Rxd5 Rbb2 43. Rc7+ Ke6 44. Rdc5 Rb6 45. Kg2 h5 46. h4 Ra3 47. Rc4
f6 48. Rg7 Kd5 49. Rc8 f5 50. Rd7+ Ke6 51. Rd4 Ke5 52. Rdc4 Kd5 53. R4c7 Ra2 54.
Kf3 Ke5 55. Rc5+ Kd6 56. Rc4 Ke5 57. R8c5+ Kf6 58. Rc6+ Rxc6 59. Rxc6+ Ke5 60.
Rxg6 Rxc2 61. Rg5 Rc3+ 62. Kg2 Ke4 63. Rxh5 f4 64. gxf4 Kxf4 65. Rg5 Rc4 66. Kh3
Rc3+ 67. Rg3 Rc1 68. Kg2 Rc5 69. Rg8 Ra5 70. Rb8 Kg4 71. Rb4+ Kh5 72. Kg3 Rf5
73. Rb8 Ra5 74. Rh8+ Kg6 75. Rg8+ Kh5 76. Rh8+ Kg6 77. Kg4 Kg7 78. Rb8 Kg6 79.
Rb6+ Kg7 80. f4 Kf7 81. h5 Kg7 82. Rg6+ Kf7 83. Rc6 Kg7 84. Rd6 Rc5 85. Ra6 Rb5
86. Rg6+ Kf7 87. Rg5 Rb6 88. Ra5 Kg7 89. Kg5 Rc6 90. Ra7+ Kg8 91. f5 Rb6 92. Rc7
Ra6 93. Rb7 Rc6 94. h6 Ra6 95. Rg7+ Kh8 96. Re7 Kg8 97. Re6 Ra1 98. Kg6 Rg1+ 99.
Kf6 Ra1 100. Re8+ Kh7 101. Kf7 Kxh6 102. f6 Kh7 103. Kf8 Ra7 104. f7 Kg6 105.
Re6+ Kf5 106. Rb6 1-0

[Event "TCh-HUN 2024-25"]
[Site "Hungary HUN"]
[Date "2025.03.01"]
[Round "5.7"]
[White "Fodor, Balazs"]
[Black "Torma, Robert"]
[Result "0-1"]
[BlackTitle "IM"]
[WhiteElo "2206"]
[BlackElo "2419"]
[WhiteTeam "MTK Budapest"]
[BlackTeam "Viadukt Biatorbagy"]
[WhiteFideId "741850"]
[BlackFideId "719030"]
[EventDate "2024.11.02"]
[EventType "team-tourn"]

1. d4 d5 2. c4 e6 3. Nf3 Nf6 4. g3 dxc4 5. Bg2 Bd7 6. Ne5 Bc6 7. Nxc6 Nxc6 8.
Qa4 Qd7 9. Qxc4 Nxd4 10. e3 Nc6 11. O-O Bd6 12. Bxc6 Qxc6 13. Qxc6+ bxc6 14. Bd2
Be5 15. Bc3 Bxc3 16. Nxc3 O-O-O 17. Rac1 Rd6 18. Na4 Rhd8 19. Rc4 Nd7 20. Rh4 h6
21. Kg2 Rd2 22. Rc4 Ne5 23. Rc5 R8d5 24. Rc3 Nd3 25. Rxc6 Rf5 26. e4 Rfxf2+ 27.
Rxf2 Rxf2+ 28. Kg1 Re2 0-1

[Event "TCh-HUN 2024-25"]
[Site "Hungary HUN"]
[Date "2025.03.01"]
[Round "5.8"]
[White "Szeberenyi, Adam"]
[Black "Ongut, Tamas Gunes"]
[Result "1-0"]
[WhiteTitle "IM"]
[BlackTitle "FM"]
[WhiteElo "2259"]
[BlackElo "2215"]
[WhiteTeam "Viadukt Biatorbagy"]
[BlackTeam "MTK Budapest"]
[WhiteFideId "710466"]
[BlackFideId "770280"]
[EventDate "2024.11.02"]
[EventType "team-tourn"]

1. d4 Nf6 2. Nf3 d5 3. c4 e6 4. Nc3 c5 5. cxd5 cxd4 6. Qxd4 exd5 7. e4 dxe4 8.
Qxd8+ Kxd8 9. Ng5 Be6 10. Nxe6+ fxe6 11. Bg5 Bb4 12. O-O-O+ Ke7 13. Nxe4 Kf7 14.
Nxf6 gxf6 15. Be3 Be7 16. Be2 f5 17. g4 fxg4 18. Bxg4 Nc6 19. Bh5+ Kf6 20. Rhg1
Rhg8 21. Rg3 Rxg3 22. hxg3 Rc8 23. Kb1 Rd8 24. Rh1 Kg7 25. Bf3 a6 26. Be4 Rh8
27. Rh6 Nd8 28. g4 b6 29. g5 Bc5 30. Bxc5 bxc5 31. f4 e5 32. Rxa6 Nf7 33. Ra7
exf4 34. Bd5 Rf8 35. Kc2 Kg6 36. Bxf7+ Kxg5 37. Bc4 h5 38. Rg7+ Kh4 39. Rf7 Rxf7
40. Bxf7 f3 41. Kd2 1-0

[Event "TCh-HUN 2024-25"]
[Site "Hungary HUN"]
[Date "2025.03.01"]
[Round "5.9"]
[White "Matyassy, Lazar"]
[Black "Szikszai, Bertalan"]
[Result "1-0"]
[WhiteTitle "CM"]
[BlackTitle "FM"]
[WhiteElo "2234"]
[BlackElo "2283"]
[WhiteTeam "MTK Budapest"]
[BlackTeam "Viadukt Biatorbagy"]
[WhiteFideId "17005167"]
[BlackFideId "797073"]
[EventDate "2024.11.02"]
[EventType "team-tourn"]

1. e4 c5 2. Nf3 Nc6 3. Nc3 Nf6 4. d4 cxd4 5. Nxd4 e5 6. Ndb5 d6 7. Bg5 a6 8. Na3
b5 9. Nd5 Be7 10. Bxf6 Bxf6 11. c3 Rb8 12. Nc2 Bg5 13. g3 O-O 14. Bg2 Be6 15.
Ncb4 Nxb4 16. Nxb4 Qb6 17. O-O a5 18. Nd5 Qb7 19. Qd3 Bxd5 20. Qxd5 Qxd5 21.
exd5 g6 22. Bh3 f5 23. Rfd1 Kg7 24. Bf1 Rfc8 25. h4 Bf6 26. a4 b4 27. Ba6 Rc5
28. c4 e4 29. Rd2 Re8 30. Re1 Re5 31. Rde2 h5 32. Kg2 Rc7 33. f3 exf3+ 34. Kxf3
Rxe2 35. Rxe2 Be5 36. Rxe5 dxe5 37. d6 Ra7 38. c5 Kf6 39. c6 Rxa6 40. c7 Rxd6
41. c8=Q Rd3+ 42. Kg2 Rd2+ 43. Kh3 Rxb2 44. Qa6+ Kf7 45. Qxa5 b3 46. Qxe5 Rb1
47. Kg2 b2 48. Qc7+ Kf8 49. Qc2 Ra1 50. Qxb2 Rxa4 51. Qf6+ 1-0

[Event "TCh-HUN 2024-25"]
[Site "Hungary HUN"]
[Date "2025.03.01"]
[Round "5.10"]
[White "Erdos, Boglarka"]
[Black "Terbe, Zsuzsanna"]
[Result "0-1"]
[WhiteTitle "WFM"]
[BlackTitle "WIM"]
[WhiteElo "2115"]
[BlackElo "2160"]
[WhiteTeam "Viadukt Biatorbagy"]
[BlackTeam "MTK Budapest"]
[WhiteFideId "727458"]
[BlackFideId "708801"]
[EventDate "2024.11.02"]
[EventType "team-tourn"]

1. e4 e5 2. Nf3 Nc6 3. Bc4 Bc5 4. c3 Nf6 5. d3 O-O 6. O-O a6 7. Bb3 h6 8. Nbd2
d6 9. h3 Ba7 10. Re1 Re8 11. Nf1 Be6 12. Be3 Bxb3 13. Qxb3 Qd7 14. Bxa7 Rxa7 15.
Ne3 Raa8 16. a4 Nd8 17. Nc4 b6 18. Ncd2 Ne6 19. d4 Nh5 20. Rad1 Nef4 21. Re3
Nxg2 22. Nxe5 dxe5 23. Kxg2 exd4 24. cxd4 Qxd4 25. Rf3 Re7 26. Qd5 Qxd5 27. exd5
Rd8 28. Nc4 b5 29. axb5 axb5 30. d6 cxd6 31. Rxd6 Rc8 32. Ne3 Rc5 33. Rb6 Rg5+
34. Kf1 Nf6 35. Nf5 Rc7 36. Rxb5 Rc1+ 37. Ke2 Rgg1 38. Nxh6+ Kh7 39. Nxf7 Rge1+
40. Kd3 Red1+ 41. Ke3 Nd5+ 42. Ke4 Rc4+ 43. Ke5 Nf6 44. Kf5 Ne8 45. Kg5 Nf6 46.
Kf5 Ne8 47. Ng5+ Kh6 48. Rb6+ Kh5 49. Ne4 Rd5+ 50. Kf4 Nf6 51. Re6 Rdd4 52. Re3
Nd5+ 53. Kf3 Nxe3 54. Kxe3 Rd5 55. Re7 Kg6 56. f3 Rb4 57. Nc3 Rh5 58. Nd1 Rxh3
59. Re6+ Kf7 60. Ra6 Rb3+ 61. Ke4 Rhxf3 62. Nc3 Rf1 63. Nd5 Rxb2 64. Ra7+ Kg6
65. Nf4+ Kh7 66. Nh5 Re2+ 67. Kd3 Rg2 0-1

[Event "TCh-HUN 2024-25"]
[Site "Hungary HUN"]
[Date "2025.03.01"]
[Round "5.1"]
[White "Ruck, Robert"]
[Black "Eljanov, Pavel"]
[Result "1/2-1/2"]
[WhiteTitle "GM"]
[BlackTitle "GM"]
[WhiteElo "2516"]
[BlackElo "2672"]
[WhiteTeam "Haladas VSE"]
[BlackTeam "Tuxera ANSK"]
[WhiteFideId "705713"]
[BlackFideId "14102951"]
[EventDate "2024.11.02"]
[EventType "team-tourn"]

1. Nf3 d5 2. d4 Nf6 3. c4 e6 4. Nc3 Nbd7 5. Bg5 h6 6. Bh4 Be7 7. e3 O-O 8. Rc1
c5 9. cxd5 Nxd5 10. Bxe7 Nxe7 11. Bb5 cxd4 12. Nxd4 Nf6 13. O-O a6 14. Be2 b5
15. b4 Qb6 16. Nb3 Bb7 17. Nc5 Bc6 18. Qb3 a5 19. a3 Ra7 20. Rfd1 axb4 21. axb4
Rfa8 22. h3 Qb8 23. Rd2 Nfd5 24. Nxd5 Bxd5 25. Qd1 Ra2 26. e4 Rxd2 27. Qxd2 Ra2
28. Rc2 Ra1+ 29. Rc1 Ra2 30. Rc2 Ra1+ 1/2-1/2